000 00373 a2200145 4500
005 20250625141002.0
020 _a978-93-81938-79-9
082 _a658.15 PAN
100 _aPANDEY, I.M.
245 _aFinancial Management,
250 _a9th Ed.
260 _aNew Delhi
_bVikas Publishing House PVT Limited,
_c2004.
300 _a767p.; ill,; picture,
_c27cm
942 _2ddc
_cBKS
999 _c5097
_d5097